IMF Survey, Volume 31, Issue 23.

IMF Managing Director Horst Kohler traveled to Latin America on December 6-12 to offer the IMF's support to the region, where several large countries are working hard to stabilize their economies, following Argentina's difficulties. 'At the end of the trip,' Kohler said, 'I...

Full description

Bibliographic Details
Corporate Author: International Monetary Fund. External Relations Dept
Format: Journal
Language:English
Published: Washington, D.C. : International Monetary Fund, 2002.
Series:IMF Survey; IMF Survey ; No. 0031/023
Online Access:Full text available on IMF
LEADER 01639cas a2200241 a 4500
001 AALejournalIMF010339
008 230101c9999 xx r poo 0 0eng d
020 |c 5.00 USD 
020 |z 9781451924985 
022 |a 0047-083X 
040 |a BD-DhAAL  |c BD-DhAAL 
110 2 |a International Monetary Fund.  |b External Relations Dept. 
245 1 0 |a IMF Survey, Volume 31, Issue 23. 
264 1 |a Washington, D.C. :  |b International Monetary Fund,  |c 2002. 
300 |a 1 online resource (16 pages) 
490 1 |a IMF Survey 
500 |a <strong>Off-Campus Access:</strong> No User ID or Password Required 
500 |a <strong>On-Campus Access:</strong> No User ID or Password Required 
506 |a Electronic access restricted to authorized BRAC University faculty, staff and students 
520 3 |a IMF Managing Director Horst Kohler traveled to Latin America on December 6-12 to offer the IMF's support to the region, where several large countries are working hard to stabilize their economies, following Argentina's difficulties. 'At the end of the trip,' Kohler said, 'I remain convinced that lessons from successes in the region can help point the way forward for other countries currently experiencing difficulties.' Kohler's three-nation tour, which he undertook at the invitation of the presidents of Brazil, Colombia, and Chile, was his second visit to Latin America since he took over the reins at the IMF in May 2000. 
538 |a Mode of access: Internet 
830 0 |a IMF Survey; IMF Survey ;  |v No. 0031/023 
856 4 0 |z Full text available on IMF  |u http://elibrary.imf.org/view/journals/023/0031/023/023.0031.issue-023-en.xml  |z IMF e-Library